<?xml version="1.0" encoding="UTF-8"?>
<record
    xmlns:xsi="http://www.w3.org/2001/XMLSchema-instance"
    xsi:schemaLocation="http://www.loc.gov/MARC21/slim http://www.loc.gov/standards/marcxml/schema/MARC21slim.xsd"
    xmlns="http://www.loc.gov/MARC21/slim">

  <leader>00963nam a2200229 i 4500</leader>
  <controlfield tag="001">38134</controlfield>
  <controlfield tag="003">ES-MaACL</controlfield>
  <controlfield tag="005">20250819173341.0</controlfield>
  <controlfield tag="007">t|</controlfield>
  <controlfield tag="008">030224s1904    fr           ||||1| fre d</controlfield>
  <datafield tag="100" ind1="1" ind2=" ">
    <subfield code="a">Cabello y Lapiedra, Luis Mar&#xED;a.</subfield>
    <subfield code="9">33183</subfield>
  </datafield>
  <datafield tag="245" ind1="1" ind2="0">
    <subfield code="a">A travers l'Espagne </subfield>
    <subfield code="b">: (indicateur du voyage pour les Congresistes) / </subfield>
    <subfield code="c">r&#xE8;dig&#xE9; pa Louis M&#xAA; Cabello y Lapiedra ; en collaboration avc M.M. Clareria Lamp&#xE9;rez, Repull&#xE9;s y Vargas et Vega Morcho.</subfield>
  </datafield>
  <datafield tag="260" ind1=" " ind2=" ">
    <subfield code="a">Madrid : </subfield>
    <subfield code="b">Romero, </subfield>
    <subfield code="c">1904.</subfield>
  </datafield>
  <datafield tag="300" ind1=" " ind2=" ">
    <subfield code="a">IV, 120 p., 24 l&#xE1;m. ; </subfield>
    <subfield code="c">17 cm.</subfield>
  </datafield>
  <datafield tag="500" ind1=" " ind2=" ">
    <subfield code="a">Precede al t&#xED;t.: Vleme Congr&#xE9;s internacional des Architectes... - con siete itinerarios.</subfield>
  </datafield>
  <datafield tag="700" ind1="1" ind2=" ">
    <subfield code="a">Clareria L&#xE1;mperez, M. M.</subfield>
    <subfield code="9">39009</subfield>
  </datafield>
  <datafield tag="700" ind1="1" ind2=" ">
    <subfield code="a">Morcho, Vega.</subfield>
    <subfield code="9">83182</subfield>
  </datafield>
  <datafield tag="700" ind1="1" ind2=" ">
    <subfield code="a">Repull&#xE9;s y Vargas, Enrique Mar&#xED;a, </subfield>
    <subfield code="d">1845-1922</subfield>
    <subfield code="9">96277</subfield>
  </datafield>
  <datafield tag="711" ind1="0" ind2="4">
    <subfield code="a">Congreso Internacional de Arquitectos (</subfield>
    <subfield code="n">6&#xBA;. </subfield>
    <subfield code="d">1904. </subfield>
    <subfield code="c">Madrid)</subfield>
    <subfield code="9">410</subfield>
  </datafield>
  <datafield tag="852" ind1=" " ind2=" ">
    <subfield code="a">ES-MaACL</subfield>
    <subfield code="j">C-283</subfield>
  </datafield>
  <datafield tag="999" ind1=" " ind2=" ">
    <subfield code="c">38134</subfield>
    <subfield code="d">38134</subfield>
  </datafield>
  <datafield tag="952" ind1=" " ind2=" ">
    <subfield code="0">0</subfield>
    <subfield code="1">0</subfield>
    <subfield code="4">0</subfield>
    <subfield code="7">0</subfield>
    <subfield code="a">ATENEOM</subfield>
    <subfield code="b">ATENEOM</subfield>
    <subfield code="c">SPAL</subfield>
    <subfield code="d">2008-01-17</subfield>
    <subfield code="e">SC</subfield>
    <subfield code="l">0</subfield>
    <subfield code="o">C-283</subfield>
    <subfield code="p">1040146</subfield>
    <subfield code="r">2023-02-23 00:00:00</subfield>
    <subfield code="w">2023-02-23</subfield>
    <subfield code="y">MONOGRAFIA</subfield>
  </datafield>
</record>
